Mini Abu Dhabi the ultimate visitors' guide.
| Corporate Author: | |
|---|---|
| Format: | Book |
| Published: |
Dubai:
Explorer Publishing & Distribution,
2008.
|
| Subjects: |
| LEADER | 00522cam a2200157 7i4500 | ||
|---|---|---|---|
| 001 | 0000023903 | ||
| 005 | 20091208090000.0 | ||
| 020 | 0 | 0 | |a 978-9948-8584-0-9 |
| 090 | 0 | 0 | |a UAE 915.35357 |b ABU |
| 110 | 2 | 0 | |a Abu Dhabi Tourism Authority |
| 245 | 2 | 0 | |a Mini Abu Dhabi the ultimate visitors' guide. |
| 260 | 0 | 0 | |a Dubai: |b Explorer Publishing & Distribution, |c 2008. |
| 300 | # | # | |a 240 p. |
| 650 | 0 | 0 | |a Abu Dhabi, United Arab Emirates -- |x Guidebooks |
| 651 | 0 | 0 | |a United Arab Emirates |
| 999 | |a 0000025772 |b Book |c Countries |e Business Information Centre | ||


